[Event "Rio Cuarto IRT"]
[Site "Rio Cuarto"]
[Date "2019.05.18"]
[Round "2.3"]
[White "Marconi, Nicolas"]
[Black "Serra, Mateo"]
[Result "1-0"]
[WhiteElo "1762"]
[BlackElo "1473"]
[PlyCount "137"]
[EventDate "2019.05.18"]
[EventType "swiss"]
[EventRounds "6"]
[EventCountry "ARG"]
[SourceTitle "EXT 2024"]
[Source "ChessBase"]
[SourceDate "2023.10.10"]
[SourceVersion "1"]
[SourceVersionDate "2023.10.10"]
[SourceQuality "1"]

1. c4 b6 2. Nc3 Bb7 3. e4 d6 4. g3 Nf6 5. Bg2 e5 6. Nge2 Nbd7 7. d3 Be7 8. 0-0 0-0 9. h3 Nc5 10. b4 Ne6 11. f4 c5 12. b5 Nd4 13. Nxd4 cxd4 14. Nd5 Nxd5 15. exd5 f6 16. f5 a6 17. bxa6 Bxa6 18. Rb1 Rb8 19. a4 Qd7 20. g4 Bd8 21. h4 Kh8 22. Be4 Rg8 23. g5 Be7 24. Kh2 Qe8 25. Rg1 Bc8 26. a5 b5 27. Rg2 Ba6 28. Rgb2 Qd7 29. Qg4 Rb7 30. h5 fxg5 31. Bxg5 Bxg5 32. Qxg5 bxc4 33. Rxb7 Bxb7 34. dxc4 Bc8 35. Rg1 Qd8 36. Qxd8 Rxd8 37. Rc1 Rf8 38. c5 dxc5 39. Rxc5 Kg8 40. d6 Re8 41. Bc6 Rd8 42. Rxe5 Kf7 43. Rd5 Kf6 44. d7 Ba6 45. Rxd4 Kxf5 46. Rb4 Ke6 47. Rb6 Bd3 48. Be4+ Kxd7 49. Bxd3 Kc7 50. Be4 Rd2+ 51. Kg3 g6 52. hxg6 hxg6 53. Rxg6 Ra2 54. a6 Kb8 55. Bb7 Ka7 56. Kf4 Ra1 57. Ke5 Ra3 58. Kd6 Rd3+ 59. Kc7 Rc3+ 60. Rc6 Rg3 61. Bc8 Rb3 62. Kd8 Ra3 63. Rc7+ Ka8 64. Bb7+ Ka7 65. Bc8+ Ka8 66. Bd7 Rxa6 67. Bc6+ Kb8 68. Rc8+ Ka7 69. Kc7 1-0

[Event "Rio Cuarto IRT"]
[Site "Rio Cuarto"]
[Date "2019.05.18"]
[Round "3.5"]
[White "Serra, Mateo"]
[Black "Barrotto, Jose Ignacio"]
[Result "1/2-1/2"]
[WhiteElo "1473"]
[BlackElo "1615"]
[PlyCount "71"]
[EventDate "2019.05.18"]
[EventType "swiss"]
[EventRounds "6"]
[EventCountry "ARG"]
[SourceTitle "EXT 2024"]
[Source "ChessBase"]
[SourceDate "2023.10.10"]
[SourceVersion "1"]
[SourceVersionDate "2023.10.10"]
[SourceQuality "1"]

1. e4 c6 2. d3 d5 3. Nd2 dxe4 4. dxe4 e5 5. Ngf3 Nd7 6. g3 Ngf6 7. Bg2 Be7 8. 0-0 0-0 9. b3 b5 10. Bb2 Qc7 11. a4 Bb7 12. Re1 a6 13. c4 Bc5 14. Ba3 Qb6 15. Bxc5 Qxc5 16. cxb5 cxb5 17. Qc1 Rac8 18. Qxc5 Rxc5 19. axb5 axb5 20. b4 Rc7 21. Bh3 Bc6 22. Bxd7 Nxd7 23. Rac1 f6 24. Rc2 Rcc8 25. Nh4 g6 26. Rec1 Bb7 27. Rc7 Nb6 28. Rxc8 Rxc8 29. Rxc8+ Nxc8 30. f3 Nd6 31. Kf2 Kf7 32. Ke3 Ke6 33. Nb3 Nc4+ 34. Kd3 Kd6 35. Nc5 Bc6 36. Ng2 1/2-1/2

[Event "Wch U14"]
[Site "Montevideo"]
[Date "2017.09.25"]
[Round "10"]
[White "Orgse, Karl Kristofer"]
[Black "Serra, Mateo"]
[Result "1-0"]
[WhiteElo "1647"]
[BlackElo "1423"]
[PlyCount "67"]
[EventDate "2017.09.17"]
[EventType "swiss"]
[EventRounds "11"]
[EventCountry "URU"]
[SourceTitle "EXT 2018"]
[Source "ChessBase"]
[SourceDate "2017.10.13"]
[SourceVersion "1"]
[SourceVersionDate "2017.10.13"]
[SourceQuality "1"]

1. e4 d6 2. d4 Nf6 3. Nc3 g6 4. f3 Bg7 5. Be3 h6 6. Qd2 c6 7. 0-0-0 Qc7 8. g4 Nfd7 9. Nge2 a6 10. f4 Nb6 11. f5 Nc4 12. Qd3 Nxe3 13. Qxe3 g5 14. h4 f6 15. Ng1 e5 16. dxe5 dxe5 17. Bc4 Nd7 18. hxg5 fxg5 19. Nf3 b5 20. Bb3 Qb6 21. Qxb6 Nxb6 22. Rd6 Bd7 23. Rg6 Kf8 24. f6 Bxf6 25. Rxf6+ Ke7 26. Rf7+ Ke8 27. Nxe5 c5 28. Nd5 Nxd5 29. Bxd5 Rd8 30. Rxd7 Rxd7 31. Bc6 Rhh7 32. Bxd7+ Ke7 33. Bf5 Rg7 34. Rxh6 1-0

[Event "Wch U14"]
[Site "Montevideo"]
[Date "2017.09.24"]
[Round "9"]
[White "Serra, Mateo"]
[Black "Guedikian, Alan Misac"]
[Result "1-0"]
[WhiteElo "1423"]
[BlackElo "1568"]
[PlyCount "131"]
[EventDate "2017.09.17"]
[EventType "swiss"]
[EventRounds "11"]
[EventCountry "URU"]
[SourceTitle "CBM 180 Extra"]
[Source "ChessBase"]
[SourceDate "2017.10.06"]
[SourceVersion "1"]
[SourceVersionDate "2017.10.06"]
[SourceQuality "1"]

1. e4 e5 2. Nf3 Nc6 3. Bb5 d6 4. c3 Bd7 5. 0-0 g6 6. Qe2 Bg7 7. Rd1 Nf6 8. d3 0-0 9. Nbd2 Nb8 10. Bc4 Re8 11. Ng5 Rf8 12. Bb3 Qe7 13. h3 Bc6 14. Bc2 Nbd7 15. Ngf3 Rad8 16. d4 b6 17. Qc4 Nb8 18. d5 Bb7 19. Qe2 c6 20. c4 Rc8 21. Bd3 Na6 22. a3 Nc5 23. Bc2 Rfe8 24. Ne1 cxd5 25. cxd5 Ba6 26. Bd3 Nxd3 27. Nxd3 Bxd3 28. Qxd3 Rc7 29. Nb3 Rec8 30. Bd2 Qd7 31. Rac1 Qa4 32. f3 a5 33. g4 Nd7 34. Rxc7 Rxc7 35. Rc1 Rxc1+ 36. Bxc1 Nc5 37. Nxc5 bxc5 38. b3 Qd4+ 39. Qxd4 exd4 40. Bd2 d3 41. Bxa5 Bb2 42. a4 Bc1 43. Kf2 d2 44. Ke2 Kf8 45. Bxd2 Bxd2 46. Kxd2 Ke7 47. Kc3 Kd7 48. Kc4 Kc7 49. Kb5 Kb7 50. f4 f6 51. h4 h6 52. g5 hxg5 53. hxg5 fxg5 54. fxg5 Ka7 55. Kc6 Ka6 56. Kxd6 Ka5 57. Kxc5 Ka6 58. Kc6 Ka5 59. d6 Kb4 60. d7 Kxb3 61. d8Q Kxa4 62. Qb6 Ka3 63. Kc5 Ka2 64. Kc4 Ka1 65. Kc3 Ka2 66. Qb2# 1-0

[Event "South American-ch U12"]
[Site "Santiago de Chile"]
[Date "2016.12.02"]
[Round "3.19"]
[White "Pastor Aragon, Mateo"]
[Black "Serra, Mateo"]
[Result "1/2-1/2"]
[WhiteElo "1491"]
[BlackElo "1308"]
[PlyCount "27"]
[EventDate "2016.12.01"]
[EventType "swiss"]
[EventRounds "9"]
[EventCountry "CHI"]
[SourceTitle "EXT 2022"]
[Source "ChessBase"]
[SourceDate "2021.10.06"]
[SourceVersion "1"]
[SourceVersionDate "2021.10.06"]
[SourceQuality "1"]

1. e4 d6 2. d4 Nf6 3. Nc3 g6 4. f4 Bg7 5. Nf3 0-0 6. Bd3 Nbd7 7. 0-0 c6 8. h3 Qc7 9. Be3 e5 10. Qd2 b5 11. a3 a6 12. Rfe1 c5 13. dxc5 Nxc5 14. fxe5 1/2-1/2

[Event "ARG-ch sf U1700"]
[Site "San Luis"]
[Date "2016.07.09"]
[Round "3.8"]
[White "Farhat, Francisco"]
[Black "Serra, Mateo"]
[Result "1/2-1/2"]
[WhiteElo "1468"]
[BlackElo "1273"]
[PlyCount "78"]
[EventDate "2016.07.08"]
[EventType "swiss"]
[EventRounds "7"]
[EventCountry "ARG"]
[SourceTitle "EXT 2024"]
[Source "ChessBase"]
[SourceDate "2023.10.10"]
[SourceVersion "1"]
[SourceVersionDate "2023.10.10"]
[SourceQuality "1"]

1. e4 d6 2. d4 Nf6 3. Nc3 g6 4. Nf3 Bg7 5. Bc4 0-0 6. Bf4 c6 7. Qd2 c5 8. dxc5 dxc5 9. Qxd8 Rxd8 10. 0-0 Nh5 11. Be3 Nc6 12. Bxc5 b6 13. Be3 Nb4 14. Rac1 Bxc3 15. bxc3 Nc6 16. Ng5 Ne5 17. Bd5 Rb8 18. Rcd1 Ba6 19. Rfe1 e6 20. Bb3 Nc4 21. Rxd8+ Rxd8 22. Bc1 Nd2 23. Bxd2 Rxd2 24. Nf3 Rd8 25. a3 Rc8 26. Re3 Nf6 27. Nd4 Ne8 28. Nxe6 Bc4 29. Bxc4 Rxc4 30. Nd4 Nd6 31. e5 Ne8 32. Ne2 Nc7 33. g3 Nb5 34. f4 Nxa3 35. Nd4 Kg7 36. Kg2 Nb1 37. Ne2 Na3 38. Nd4 Nb1 39. Nb5 a6 1/2-1/2

[Event "ARG-ch sf U1700"]
[Site "San Luis"]
[Date "2016.07.09"]
[Round "4.4"]
[White "Serra, Mateo"]
[Black "Castillo, Denis"]
[Result "1/2-1/2"]
[WhiteElo "1273"]
[BlackElo "1631"]
[PlyCount "74"]
[EventDate "2016.07.08"]
[EventType "swiss"]
[EventRounds "7"]
[EventCountry "ARG"]
[SourceTitle "EXT 2024"]
[Source "ChessBase"]
[SourceDate "2023.10.10"]
[SourceVersion "1"]
[SourceVersionDate "2023.10.10"]
[SourceQuality "1"]

1. e4 c5 2. Nc3 e6 3. g3 d6 4. Bg2 Nc6 5. f4 Nf6 6. Nf3 a6 7. d3 Rb8 8. 0-0 b5 9. h3 Be7 10. Be3 Bb7 11. Ne2 Qc7 12. g4 h6 13. Ng3 d5 14. e5 Nd7 15. c3 g6 16. a3 Na5 17. d4 Nc4 18. Qe2 Nxe3 19. Qxe3 Nb6 20. b3 a5 21. f5 gxf5 22. gxf5 c4 23. b4 a4 24. f6 Bxf6 25. Nh5 Be7 26. Nd2 Bg5 27. Qf2 Qe7 28. Nf6+ Bxf6 29. Qxf6 Qxf6 30. Rxf6 Ke7 31. Raf1 Rbf8 32. Kh2 Nd7 33. R6f4 Bc8 34. Bf3 Rh7 35. Bh5 Nb6 36. R1f2 Bd7 37. Bg6 Rg7 1/2-1/2

[Event "ARG-ch sf U1700"]
[Site "San Luis"]
[Date "2016.07.08"]
[Round "2.6"]
[White "Serra, Mateo"]
[Black "Aramayo, Tomas"]
[Result "1/2-1/2"]
[WhiteElo "1273"]
[BlackElo "1546"]
[PlyCount "60"]
[EventDate "2016.07.08"]
[EventType "swiss"]
[EventRounds "7"]
[EventCountry "ARG"]
[SourceTitle "EXT 2024"]
[Source "ChessBase"]
[SourceDate "2023.10.10"]
[SourceVersion "1"]
[SourceVersionDate "2023.10.10"]
[SourceQuality "1"]

1. e4 c5 2. Nc3 e6 3. g3 a6 4. Bg2 Qc7 5. f4 Nc6 6. Nf3 b5 7. 0-0 Bb7 8. d3 d6 9. Be3 Nf6 10. h3 Be7 11. g4 Nd7 12. Qe1 0-0-0 13. f5 Bf6 14. Ng5 Bxg5 15. Bxg5 Rde8 16. Bf4 e5 17. Nd5 Qd8 18. Bg3 f6 19. a3 Ne7 20. Nxe7+ Rxe7 21. Qd2 g5 22. h4 h6 23. h5 Nb8 24. Bf2 Nc6 25. c3 Rd7 26. Qe2 Qc7 27. Rac1 Kd8 28. b4 cxb4 29. cxb4 Qb8 30. Rfd1 Ke7 1/2-1/2

[Event "ARG-ch U12 sf"]
[Site "Villaguay"]
[Date "2016.02.27"]
[Round "8.9"]
[White "Gutierrez Reich, Francisco"]
[Black "Serra, Mateo"]
[Result "1-0"]
[WhiteElo "1385"]
[BlackElo "1245"]
[PlyCount "139"]
[EventDate "2016.02.23"]
[EventType "swiss"]
[EventRounds "8"]
[EventCountry "ARG"]
[SourceTitle "EXT 2024"]
[Source "ChessBase"]
[SourceDate "2023.10.10"]
[SourceVersion "1"]
[SourceVersionDate "2023.10.10"]
[SourceQuality "1"]

1. e4 c5 2. Nc3 d6 3. g3 g6 4. Bg2 Bg7 5. f4 e6 6. Nf3 Ne7 7. 0-0 Nbc6 8. d3 Bd7 9. Be3 Qc7 10. g4 0-0-0 11. a3 a6 12. Qd2 b5 13. Rac1 e5 14. f5 Nd4 15. Ng5 f6 16. Nf7 Nec6 17. Nxh8 Rxh8 18. Nd5 Qd8 19. b4 Rf8 20. Rb1 Ne7 21. Rfc1 Nxd5 22. exd5 Kb8 23. c3 gxf5 24. cxd4 f4 25. Bf2 cxd4 26. h3 f5 27. Bf3 Bh6 28. Kh2 Rg8 29. Rg1 Rg7 30. Rbc1 Qg8 31. Qe2 Bc8 32. Qc2 Bb7 33. gxf5 Rxg1 34. Rxg1 Qf7 35. a4 Bxd5 36. Bxd5 Qxd5 37. Rc1 Qb7 38. Qc6 Bf8 39. Qxb7+ Kxb7 40. axb5 axb5 41. Rg1 d5 42. Be1 f3 43. Kg3 e4 44. dxe4 dxe4 45. Kf4 e3 46. Kxf3 e2 47. Kxe2 Kc6 48. Kd3 Kd5 49. Rg4 Ke5 50. Rxd4 Kxf5 51. Rd5+ Kf4 52. Rxb5 h5 53. h4 Bxb4 54. Rxb4+ Ke5 55. Bg3+ Ke6 56. Rb5 Kf6 57. Kc4 Kg6 58. Kd4 Kh6 59. Rb6+ Kg7 60. Ke5 Kf7 61. Ra6 Kg7 62. Kf5 Kh7 63. Kg5 Kg7 64. Ra7+ Kf8 65. Kg6 Ke8 66. Kf6 Kd8 67. Ke6 Kc8 68. Kd6 Kb8 69. Rh7 Kc8 70. Rg7 1-0